000 00607nam a22002177a 4500
003 OSt
005 20160630175217.0
008 160630b xxu||||| |||| 00| 0 eng d
020 _a9780750658089
020 _a0750658088
040 _cDDC
082 _a357.3 BAR 2003
100 _aBarnes, Malcolm
_99830
245 _aPractical Variable Speed Drives and Power Electronics
260 _aAmsterdam; Newnes, c2003
300 _axii,286p; ill: 26.5cm
504 _aAppendice, glossary, & index included
650 _aElectronics devices
_99831
650 _aSpeed variables
_99832
942 _2z
_cO_SHELF
999 _c4581
_d4581